000 00350nam a22001577a 4500
003 MPLRDC
005 20220104123339.0
008 210129b ||||| |||| 00| 0 eng d
082 _a907 NYD
100 _a倪贻德著
245 _a西洋画研究
_c
260 _a
_b商务印书馆
_c1959
300 _b
650 _a
942 _cBK
_o907 NYD
999 _c10667
_d10657